The 2nd digital revolution
Uloženo v:
| Hlavní autor: | |
|---|---|
| Médium: | Kniha |
| Jazyk: | Undetermined |
| Vydáno: |
London,Melbourne
IRM Press
2005
|
| Témata: | |
| Tagy: |
Přidat tag
Žádné tagy, Buďte první, kdo otaguje tento záznam!
|
| Thư viện lưu trữ: | Trung tâm Học liệu Trường Đại học Cần Thơ |
|---|
| LEADER | 00581nam a2200193Ia 4500 | ||
|---|---|---|---|
| 001 | CTU_117782 | ||
| 008 | 210402s9999 xx 000 0 und d | ||
| 082 | |a 338.064 | ||
| 082 | |b A573 | ||
| 100 | |a Andriole, Stephen J. | ||
| 245 | 4 | |a The 2nd digital revolution | |
| 245 | 0 | |c Stephen J. Andriole | |
| 260 | |a London,Melbourne | ||
| 260 | |b IRM Press | ||
| 260 | |c 2005 | ||
| 650 | |a Technological innovations,Business enterprises,Business planning | ||
| 650 | |x Management,Technological innovations | ||
| 904 | |i Truc | ||
| 980 | |a Trung tâm Học liệu Trường Đại học Cần Thơ | ||